[Event "Ille et Vilaine-ch 1112"]
[Site "Ile et Vilaine"]
[Date "2012.01.21"]
[Round "4.9"]
[White "Storme, Alain"]
[Black "Henry, Solenne"]
[Result "0-1"]
[WhiteElo "1430"]
[BlackElo "1692"]
[PlyCount "50"]
[EventDate "2012.10.??"]
[EventType "swiss"]
[EventRounds "7"]
[EventCountry "FRA"]
[SourceTitle "EXT 2014"]
[Source "ChessBase"]
[SourceDate "2013.11.20"]
[SourceVersion "1"]
[SourceVersionDate "2013.11.20"]
[SourceQuality "1"]

1. c4 e5 2. Nc3 d6 3. e3 f5 4. d3 Nf6 5. Nd5 Nbd7 6. g3 Be7 7. Bg2 c6 8. Nxf6+ Bxf6 9. b4 e4 10. d4 c5 11. bxc5 dxc5 12. Bb2 0-0 13. Nh3 Qa5+ 14. Qd2 Qxd2+ 15. Kxd2 Nb6 16. Rhc1 Rd8 17. Ke1 Na4 18. Rab1 Nxb2 19. Rxb2 cxd4 20. Rd1 d3 21. Rb5 Bc3+ 22. Kf1 Bd7 23. Rd5 Ba4 24. Rc1 Rxd5 25. cxd5 d2 0-1

[Event "Ille et Vilaine-ch 1112"]
[Site "Ile et Vilaine"]
[Date "2011.12.03"]
[Round "3.8"]
[White "Barbier, Patrick"]
[Black "Storme, Alain"]
[Result "1/2-1/2"]
[WhiteElo "1730"]
[BlackElo "1430"]
[PlyCount "103"]
[EventDate "2012.10.??"]
[EventType "swiss"]
[EventRounds "7"]
[EventCountry "FRA"]
[SourceTitle "EXT 2014"]
[Source "ChessBase"]
[SourceDate "2013.11.20"]
[SourceVersion "1"]
[SourceVersionDate "2013.11.20"]
[SourceQuality "1"]

1. d4 d5 2. c4 c6 3. Nc3 Nf6 4. Bg5 e6 5. e3 Be7 6. Nf3 Nbd7 7. Qc2 Nh5 8. Bxe7 Qxe7 9. Bd3 g6 10. cxd5 exd5 11. a3 Ng7 12. 0-0 0-0 13. Rfe1 f5 14. b4 a6 15. Na4 Qd6 16. Nc5 Nxc5 17. dxc5 Qf6 18. Re2 Ne6 19. Rae1 Bd7 20. Qb3 Kg7 21. Qb2 Qxb2 22. Rxb2 Kf6 23. Rbe2 a5 24. Nd2 axb4 25. axb4 Ra3 26. Bc2 Rfa8 27. Nb3 Nc7 28. Na5 Bc8 29. Rd2 Nb5 30. f3 Rc3 31. e4 Na3 32. Bd1 Nc4 33. Rde2 Nxa5 34. bxa5 Rxa5 35. exd5 Rcxc5 36. dxc6 bxc6 37. Re8 Re5 38. Kf1 Rxe1+ 39. Rxe1 Ra1 40. Ke2 Ba6+ 41. Kd2 c5 42. Re3 Ra2+ 43. Bc2 Bf1 44. g3 c4 45. Kc1 Bd3 46. Bxd3 cxd3 47. h3 Rh2 48. h4 Rh3 49. f4 h6 50. Rxd3 g5 51. Kd2 gxf4 52. gxf4 1/2-1/2

[Event "Ille et Vilaine-ch 1112"]
[Site "Ile et Vilaine"]
[Date "2011.11.05"]
[Round "2.18"]
[White "Storme, Alain"]
[Black "Guyader, Ronan"]
[Result "1/2-1/2"]
[WhiteElo "1430"]
[BlackElo "1546"]
[PlyCount "112"]
[EventDate "2012.10.??"]
[EventType "swiss"]
[EventRounds "7"]
[EventCountry "FRA"]
[SourceTitle "EXT 2014"]
[Source "ChessBase"]
[SourceDate "2013.11.20"]
[SourceVersion "1"]
[SourceVersionDate "2013.11.20"]
[SourceQuality "1"]

1. c4 Nf6 2. Nc3 g6 3. e4 d6 4. d3 Bg7 5. Be2 0-0 6. Nf3 e5 7. 0-0 Nc6 8. h3 Nh5 9. Nd5 f5 10. Nh2 Nf6 11. f3 Nxd5 12. cxd5 Nd4 13. Be3 Nxe2+ 14. Qxe2 f4 15. Bf2 Bd7 16. Rac1 Rc8 17. Rc3 c5 18. dxc6 Rxc6 19. Rfc1 Bf6 20. Qc2 Bh4 21. Qb3+ Rf7 22. Ng4 Bxf2+ 23. Nxf2 Rxc3 24. Rxc3 Bc6 25. a3 Kg7 26. Qd1 Qb6 27. b4 a5 28. bxa5 Qxa5 29. Qc1 Qb6 30. Kf1 d5 31. Ng4 Re7 32. Rc5 Qb3 33. Rc3 Qb5 34. Ke2 dxe4 35. fxe4 Bxe4 36. Kd2 Bxg2 37. Nf2 Qa5 38. Ke1 Rc7 39. Kd2 Qxc3+ 40. Qxc3 Rxc3 41. Kxc3 Bc6 42. Kd2 Kf6 43. Ke2 Kf5 44. Ng4 h5 45. Nh6+ Kf6 46. Ng8+ Kg5 47. Ne7 Bd7 48. h4+ Kxh4 49. Nxg6+ Kg5 50. Nxe5 Bg4+ 51. Kf2 h4 52. d4 h3 53. Kg1 f3 54. Nd3 Kh4 55. Kh2 Bf5 56. Nf2 Bg6 1/2-1/2

[Event "Ille et Vilaine-ch 1112"]
[Site "Ile et Vilaine"]
[Date "2011.10.08"]
[Round "1.17"]
[White "El Kettani, Aziz"]
[Black "Storme, Alain"]
[Result "0-1"]
[WhiteElo "1499"]
[BlackElo "1430"]
[PlyCount "32"]
[EventDate "2012.10.??"]
[EventType "swiss"]
[EventRounds "7"]
[EventCountry "FRA"]
[SourceTitle "EXT 2014"]
[Source "ChessBase"]
[SourceDate "2013.11.20"]
[SourceVersion "1"]
[SourceVersionDate "2013.11.20"]
[SourceQuality "1"]

1. e4 g6 2. Bc4 Bg7 3. Qf3 e6 4. Nh3 Qf6 5. d3 Qxf3 6. gxf3 Ne7 7. f4 d5 8. Bb3 dxe4 9. dxe4 Nbc6 10. a4 Bd7 11. Na3 a6 12. c3 0-0-0 13. Be3 h6 14. 0-0 Rhg8 15. Kh1 e5 16. f5 gxf5 0-1